000 00688nam a22002537a 4500
003 UA-OsUOA
001 59100
007 ta
008 20090310b un ||||| |||| 00| 0 ukr d
100 _aСвітличний І.
700 _aСвітлична Н.
090 _a821.161.2
_bС24
942 _cBK
040 _aUA-OsUOA
_bukr
_cUA-OsUOA
_dUA-OsUOA
245 _aЗ живучого племені Дон Кіхотів
300 _a812 с.
955 _a2
041 _aukr
080 _a821.161.2
020 _a978-966-349-128-8
260 _aК.
_bГрамота
_c2008
650 7 _a82 Література. Літературознавство
_2UDC
999 _c345185
_d345185